000 00632nam a2200217Ia 4500
005 20260629163254.0
008 260629s9999||||xx |||||||||||||| ||und||
020 _a1572737247
_qpbk
020 _a9781572737242
_qpbk
082 _a320.54
_bGEO
100 _aGeorgiou, Myria
245 0 _aDiaspora, identity and the media : diasporic transnationalism and mediated spatialities
260 _aCresskill, New Jersey
_bHampton Press
_c2006
300 _ax, 194p. ; 23cm.
653 _aCultural identity
653 _aDiaspora
653 _aEthnic relations
653 _aMass media
653 _aTransnationalism
942 _cBK
999 _c57318
_d57318